[Event "MPL-1 Indian Chess Tour 2022"]
[Site "Online"]
[Date "2022.03.27"]
[Round "3.7"]
[White "Gukesh D"]
[Black "Iniyan, P."]
[Result "1/2-1/2"]
[WhiteElo "2614"]
[BlackElo "2516"]
[Annotator "TA"]
[PlyCount "128"]
[EventDate "2022.03.30"]
[EventType "tourn"]
[EventCountry "NET"]
[SourceTitle "playchess.com"]
[Source "ChessBase"]
[SourceQuality "1"]

{[%evp 23,128,62,46,40,29,-25,29,24,90,35,16,0,0,-8,0,0,-3,-3,-10,-6,-8,0,11,9,10,8,9,7,7,7,8,0,7,8,8,3,6,5,16,0,0,0,0,0,0,0,0,0,14,0,21,13,47,43,36,47,47,47,43,47,47,47,47,47,47,33,47,47,47,47,47,47,47,47,54,54,54,0,0,0,0,0,0,0,0,0,0,0,0,0,0,0,0,0,0,0,0,0,0,0,0,0,0,0,0,0,0]} 1. d4 Nf6 2. c4 c5 3. d5 b5 4. cxb5 a6 5. bxa6 g6 6. Nc3 Bxa6 7. e4 Bxf1 8. Kxf1 d6 9. g3 Bg7 10. Kg2 O-O 11. Nf3 Nbd7 12. h3 {12.a4 gains popularity.} Ra6 13. Bd2 {A59: Benko/Volga Gambit: White castles by hand.} Qa8 14. Qc2 (14. Re1 $142) 14... Rb8 {[#]} (14... e6 $142) 15. b3 $146 {White has an edge.} ({Predecessor:} 15. Rab1 Ne8 16. a3 Nc7 17. h4 h5 18. Bg5 Nf6 19. Rhe1 Nb5 20. Nxb5 Rxb5 21. Bd2 {0-1 (74) Darazs,Z (2246)-Meszaros,A (2304) Hungary 2008}) 15... Rb4 {[#]} (15... c4 $11 16. bxc4 Rc8) 16. Rhe1 (16. Rab1 $1 $16) 16... c4 $14 17. bxc4 Rxc4 18. Qd3 Rc8 19. Rac1 Nc5 20. Qe2 Nfd7 21. Rc2 Ra3 22. Rec1 Qa6 23. Qxa6 Rxa6 24. Be3 Bxc3 25. Rxc3 Rxa2 26. e5 Rca8 27. Rb1 R8a3 28. Rxa3 Rxa3 29. exd6 exd6 30. Nd4 Nf6 31. Rb8+ Kg7 32. Nb5 {[%csl LRa3,LRd6]} Rb3 {Strongly threatening ...Nfd7.} 33. Bd4 Ncd7 {To avoid Rb6} 34. Rb7 Kg8 35. Kf1 g5 36. Ke1 h6 37. Kd1 Nxd5 38. Kc2 Rb4 39. Rxd7 {[#] Threatens to win with Rb7.} Rxb5 40. Rxd6 {[%mdl 4096] Endgame KRB-KRN} Kh7 41. Kd3 {aiming for Kc4.} Nc7 42. Rd7 Ne6 $1 43. Rxf7+ Kg8 44. Rd7 Nxd4 45. Kxd4 {KR-KR} Rf5 46. Ke3 Rf6 47. Ra7 Re6+ 48. Kf3 Rf6+ $1 49. Kg2 Rb6 50. f4 (50. Re7 $14) 50... gxf4 $11 {The position is equal.} 51. gxf4 Rb3 52. h4 Rc3 53. Re7 Rb3 54. h5 Ra3 55. Re6 Kg7 56. Rg6+ Kh7 57. Rf6 Kg7 58. Rf5 Rb3 59. Kf2 Ra3 60. Ke2 Rb3 61. Kd2 Ra3 62. Ke2 Rb3 63. Rd5 Rh3 64. Re5 Kf6 {Weighted Error Value: White=0.07 (flawless) /Black=0.09 (flawless)} 1/2-1/2

[Event "MPL-1 Indian Chess Tour 2022"]
[Site "Online"]
[Date "2022.03.31"]
[Round "3.8"]
[White "Sadhwani, Raunak"]
[Black "Gupta, Abhijeet"]
[Result "1-0"]
[WhiteElo "2616"]
[BlackElo "2628"]
[Annotator "TA"]
[PlyCount "65"]
[EventDate "2022.03.30"]
[EventType "tourn"]
[EventCountry "NET"]
[SourceTitle "playchess.com"]
[Source "ChessBase"]
[SourceQuality "1"]

{[%evp 18,65,39,27,91,91,97,82,117,95,160,137,173,166,163,169,170,176,165,161,167,162,169,166,235,123,134,148,156,68,76,43,44,0,0,0,0,0,181,185,636,614,1510,1468,29979,29980,29989,29990,29992,29993]} 1. d4 d5 2. Nf3 Nc6 3. c4 Bg4 4. cxd5 Bxf3 5. gxf3 Qxd5 6. e3 e5 7. Nc3 Bb4 8. Bd2 Bxc3 9. bxc3 Qd6 10. Rb1 Nge7 {D07: Queen's Gambit: Chigorin Defence.} (10... b6 $11 {remains equal.}) 11. Rxb7 $16 O-O {[#]} 12. Be2 $5 $146 {[%mdl 8] An interesting novelty.} ({Predecessor:} 12. Bd3 Ng6 13. h4 h5 14. Qa4 Rab8 15. Rb3 Rb6 16. Bc1 Qf6 17. Be4 Nce7 18. Ba3 {1-0 (33) Lorparizangeneh,S (2494)-Ratkovic,M (2407) Paracin 2019}) 12... Rab8 {White is better.} 13. Rb3 f5 ({Black should try} 13... Qg6) 14. O-O f4 15. Kh1 Kh8 16. Rxb8 Rxb8 17. Qc2 Rf8 18. Rg1 Ng6 19. Qe4 Nce7 20. Bc1 Nd5 (20... exd4 {was necessary.} 21. cxd4 (21. Qxd4 Qd5 $16) (21. exd4 Nd5 $16) 21... c6) 21. Qc2 ({Better is} 21. dxe5 $18 Nxe5 22. Ba3 $1 {[%mdl 512]} (22. exf4 Nd7 $18) 22... Qxa3 23. Qxe5) 21... fxe3 22. fxe3 Qc6 {[#]} 23. c4 (23. Qe4 $1 $16) 23... exd4 $14 24. Qe4 Nb4 25. Ba3 (25. Qxd4 $14 {is more appropriate.} Rxf3 26. e4 (26. Bxf3 Qxf3+ 27. Rg2 Qf1+ 28. Rg1 Qf3+ 29. Rg2 Qf1+ 30. Rg1 Qf3+ $11)) 25... Re8 $11 26. Qxd4 Nc2 27. Qc5 $36 {[%mdl 2048] White fights for an advantage.} Qf6 {[#]} (27... Qb6 $11 {and Black is okay.}) 28. Bc1 $1 $18 ({Don't play} 28. Qxa7 $6 Nxe3 29. Bc5 (29. Qxc7 Nf4 $11) 29... Nxc4 30. Qxc7 Rxe2 $14) 28... h6 $2 (28... Nd4 29. Bb2 (29. exd4 Rxe2 30. Rf1 Nf4 $11) (29. Qxd4 Qxd4 30. exd4 Rxe2 $11) 29... Ne6) 29. Qh5 Nd4 30. Rxg6 Qe7 31. Bd3 {White mates.} Rd8 32. exd4 Rxd4 {[#]} 33. Bxh6 $1 {Weighted Error Value: White=0.14 (very precise) /Black=0.83} 1-0

[Event "MPL-1 Indian Chess Tour 2022"]
[Site "Online"]
[Date "2022.03.27"]
[Round "4.1"]
[White "Sethuraman, S.P."]
[Black "Gupta, Abhijeet"]
[Result "1/2-1/2"]
[WhiteElo "2619"]
[BlackElo "2628"]
[Annotator "TA"]
[PlyCount "329"]
[EventDate "2022.03.30"]
[EventType "tourn"]
[EventCountry "NET"]
[SourceTitle "playchess.com"]
[Source "ChessBase"]
[SourceQuality "1"]

{[%evp 230,329,0,0,0,0,0,0,0,0,0,0,0,0,0,0,0,-8,-8,-8,-8,-8,-8,-8,-8,-8,0,-8,-8,-16,-16,-16,-16,-16,-16,-16,-8,-11,-11,-16,-8,-11,-8,-8,-8,-8,-8,-8,-8,-8,-8,-8,-8,-8,-8,-8,-8,-8,-8,-8,-8,-8,0,-8,0,-16,-8,-8,-8,-8,-8,-8,-8,-8,0,-8,-8,-8,0,0,0,-8,0,-8,-8,-8,-8,-8,-8,-8,-8,-8,-8,-8,-8,-8,-8,-8,0,-8,0,-8]} 1. Nf3 d5 2. d4 Nc6 3. c4 Bg4 4. Nc3 e6 5. cxd5 exd5 6. Bg5 Be7 7. Bxe7 Ngxe7 8. e3 O-O 9. Be2 a6 10. O-O Qd6 11. Rc1 Bh5 12. Qb3 Rab8 13. Na4 Nd8 14. Nc5 c6 15. Rfe1 Ne6 16. Qa3 Bxf3 17. Bxf3 Nxc5 18. dxc5 Qf6 19. e4 dxe4 20. Rxe4 Ng6 21. Rce1 h6 22. Qb4 Rfd8 23. h4 a5 24. Qc4 Qxb2 25. h5 Nf8 26. Rf4 Rd7 27. Bg4 Rc7 28. Bf5 Qd2 29. Re5 Qd1+ 30. Kh2 Qxh5+ 31. Rh4 Qd1 32. Rd4 Qh5+ 33. Kg1 Ng6 34. Qd3 Rf8 35. Rd8 Rc8 36. Rxc8 Rxc8 37. Re3 Rf8 38. Qd7 Qg5 39. g3 Rd8 40. Re8+ Rxe8 41. Qxe8+ Nf8 42. Bc8 Qc1+ 43. Kg2 Qxc5 44. Bxb7 Qd5+ 45. Kg1 Qxa2 46. Bxc6 Qc4 47. Qa8 Qc5 48. Bd5 Qc7 49. Qa6 Nd7 50. Qa8+ Nb8 51. Be4 g5 52. Qd5 Nd7 53. Qf5 Nf8 54. Qf6 Qc1+ 55. Kg2 Qc4 56. Bf3 Qe6 57. Qd4 Qa6 58. Bd5 a4 59. Bc4 Qc6+ 60. Bd5 Qd7 61. Qc5 Ne6 62. Qa5 Qd8 63. Qd2 a3 64. Qa2 Qd6 65. Qc4 Kf8 66. Qc8+ Ke7 67. Qc4 Nc7 68. Bxf7 Kf6 69. Bg8 Ke7 70. Qe4+ Kd8 71. Qc4 Ne8 72. Be6 Ke7 73. Bd5 Nf6 74. Bf7 g4 75. Kg1 h5 76. Bg6 Kd8 77. Bf7 Qd1+ 78. Kh2 Qf3 79. Qd4+ Ke7 80. Bc4 Nd7 81. Kg1 Kd8 82. Qd6 Qc3 83. Be6 Qc1+ 84. Kh2 Qc7 85. Qxa3 Qb6 86. Qe3 Qxe3 87. fxe3 Nf6 88. Bf5 Ke7 89. Kg2 Kf7 90. Kf2 Ne8 91. Bd3 Kf6 92. Bc2 Nd6 93. Bd3 Nf7 94. Be4 Ng5 95. Bd3 Ne6 96. Be4 Nc5 97. Bc2 Nd7 98. Be4 Nf8 99. Bd3 Ne6 100. Be4 Ng7 101. Bd3 Kg5 102. Be4 Ne8 103. Bd3 Nf6 104. Kg2 Nd7 105. Be4 Nc5 106. Bc2 Nd7 107. Be4 Nb6 108. Kf2 Kf6 109. Bd3 Na4 110. Bc2 Nc5 111. Kg2 Nd7 112. Kf2 Ne5 113. Be4 Ke6 114. Bc2 Kd6 115. Be4 Kc5 116. Ke2 Kb4 117. Bf5 Kc4 118. Be4 Kc3 119. Bf5 Kc4 120. Be4 Kc5 121. Bf5 Kd6 122. Be4 Ke6 123. Kf2 Kf6 124. Kg2 Kg5 125. Bd5 h4 126. gxh4+ Kxh4 127. Be6 g3 128. Bd5 Ng4 129. Bf3 Nxe3+ 130. Kg1 Kg5 131. Ba8 Kf4 132. Bc6 Nf5 133. Ba8 Kg4 134. Bc6 Nd4 135. Ba8 Ne2+ 136. Kg2 Nf4+ 137. Kg1 Kh3 138. Bf3 Nd3 139. Bg2+ Kh4 140. Bc6 Kg4 141. Bb7 Kf4 142. Bc6 Ne5 143. Bb7 Ng6 144. Ba8 Nh4 145. Bb7 Nf5 146. Ba8 $1 Ne3 147. Bb7 Ng4 148. Ba8 Kg5 149. Bb7 Kh4 (149... g2 $5) 150. Bc6 Ne5 151. Bb7 Nd3 152. Bc6 $1 Nf4 153. Bb7 Kh3 154. Bc8+ Kh4 155. Bb7 Kg4 156. Bc6 Kf5 157. Bb7 Ke5 158. Bc6 Kd4 159. Bb7 Ke3 160. Ba8 Ne2+ 161. Kg2 Kf4 162. Bb7 Nd4 163. Kg1 Nf3+ 164. Kg2 Nh4+ 165. Kg1 1/2-1/2

[Event "MPL-1 Indian Chess Tour 2022"]
[Site "Online"]
[Date "2022.03.31"]
[Round "4.2"]
[White "Iniyan, P."]
[Black "Sadhwani, Raunak"]
[Result "0-1"]
[WhiteElo "2516"]
[BlackElo "2616"]
[Annotator "ChessBase"]
[PlyCount "104"]
[EventDate "2022.03.30"]
[EventType "tourn"]
[EventCountry "NET"]
[SourceTitle "playchess.com"]
[Source "ChessBase"]
[SourceQuality "1"]
[TimeControl "5400+30"]

1. d4 {[%emt 1:15:40]} Nf6 {[%emt 1:15:40]} 2. c4 {[%emt 0:00:22]} e6 {[%emt 0:00:22]} 3. Nc3 {[%emt 0:00:20]} Bb4 {[%emt 0:00:22]} 4. e3 {[%emt 0:00:22]} O-O {[%emt 0:00:25]} 5. Bd3 {[%emt 0:00:21]} d5 {[%emt 0:00:22]} 6. Nf3 {[%emt 0:00:24]} c5 {[%emt 0:00:26]} 7. O-O {[%emt 0:00:21]} dxc4 {[%emt 0:00:25]} 8. Bxc4 {[%emt 0:00:21]} cxd4 {[%emt 0:00:28]} 9. exd4 {[%emt 0:00:20]} b6 {[%emt 0:00:34]} 10. Qe2 {[%emt 0:00:53]} Bb7 {[%emt 0:00:29]} 11. Rd1 {[%emt 0:00:21]} h6 {[%emt 0:01:39]} 12. Ne5 {[%emt 0:00:45]} Nc6 {[%emt 0:01:10]} 13. Rd3 {[%emt 0:04:37]} Ne7 {[%emt 0:00:30]} 14. Rg3 {[%emt 0:02:59]} Nf5 {[%emt 0:00:40]} 15. Nxf7 {[%emt 0:00:22]} Rxf7 {[%emt 0:02:52]} 16. Qxe6 {[%emt 0:00:23]} Qe7 {[%emt 0:00:21]} 17. Qxe7 {[%emt 0:02:10]} Bxe7 {[%emt 0:00:25]} 18. Rd3 {[%emt 0:00:23]} Rd8 {[%emt 0:00:35]} 19. Bxf7+ {[%emt 0:00:32]} Kxf7 {[%emt 0:00:20]} 20. Be3 {[%emt 0:00:44]} Nd5 {[%emt 0:00:26]} 21. Nxd5 {[%emt 0:01:11]} Bxd5 {[%emt 0:00:20]} 22. a3 {[%emt 0:00:28]} g5 {[%emt 0:00:35]} 23. h3 {[%emt 0:00:34]} Nh4 {[%emt 0:00:41]} 24. f3 {[%emt 0:00:22]} Nf5 {[%emt 0:00:28]} 25. Bf2 {[%emt 0:00:25]} Bd6 {[%emt 0:00:25]} 26. Rc1 {[%emt 0:00:28]} h5 {[%emt 0:00:28]} 27. Rdd1 {[%emt 0:00:32]} Rg8 {[%emt 0:00:33]} 28. Rf1 {[%emt 0:00:26]} h4 {[%emt 0:01:35]} 29. Rfe1 {[%emt 0:00:32]} Rd8 {[%emt 0:00:25]} 30. Rc3 {[%emt 0:00:24]} Bf4 {[%emt 0:00:24]} 31. Rc2 {[%emt 0:00:50]} a5 {[%emt 0:00:58]} 32. b4 {[%emt 0:01:25]} axb4 {[%emt 0:00:27]} 33. axb4 {[%emt 0:00:20]} Ra8 {[%emt 0:00:21]} 34. Kf1 {[%emt 0:00:55]} Bd6 {[%emt 0:01:36]} 35. Rcc1 {[%emt 0:01:35]} Ra2 {[%emt 0:02:01]} 36. Ra1 {[%emt 0:00:43]} Rxa1 {[%emt 0:00:28]} 37. Rxa1 {[%emt 0:00:20]} Bxb4 {[%emt 0:00:21]} 38. Ra7+ {[%emt 0:00:29]} Ke6 {[%emt 0:00:29]} 39. Ke2 {[%emt 0:01:08]} Bc4+ {[%emt 0:00:39]} 40. Kd1 {[%emt 0:00:21]} b5 {[%emt 0:00:50]} 41. Ra6+ {[%emt 0:00:32]} Bd6 {[%emt 0:00:26]} 42. Ra8 {[%emt 0:00:26]} Bf1 {[%emt 0:00:39]} 43. Rg8 {[%emt 0:00:23]} Bf4 {[%emt 0:00:32]} 44. Rg6+ {[%emt 0:00:34]} Kd5 {[%emt 0:01:19]} 45. Rf6 {[%emt 0:00:29]} Ng3 {[%emt 0:01:04]} 46. Bxg3 {[%emt 0:00:26]} hxg3 {[%emt 0:00:20]} 47. h4 {[%emt 0:00:25]} Bxg2 {[%emt 0:00:21]} 48. hxg5 {[%emt 0:00:21]} Bxf3+ {[%emt 0:00:23]} 49. Ke1 {[%emt 0:00:21]} g2 {[%emt 0:00:22]} 50. Kf2 {[%emt 0:00:22]} Be3+ {[%emt 0:00:28]} 51. Kxe3 {[%emt 0:00:20]} g1=Q+ {[%emt 0:00:21]} 52. Kxf3 {[%emt 0:00:24]} Qxg5 {[%emt 0:00:26]} 0-1

[Event "MPL-1 Indian Chess Tour 2022"]
[Site "Online"]
[Date "2022.03.27"]
[Round "4.3"]
[White "Lalith Babu M R"]
[Black "Gukesh D"]
[Result "1-0"]
[WhiteElo "2563"]
[BlackElo "2614"]
[Annotator "ChessBase"]
[PlyCount "53"]
[EventDate "2022.03.30"]
[EventType "tourn"]
[EventCountry "NET"]
[SourceTitle "playchess.com"]
[Source "ChessBase"]
[SourceQuality "1"]
[TimeControl "5400+30"]

1. d4 {[%emt 1:15:40]} Nf6 {[%emt 1:15:40]} 2. Nf3 {[%emt 0:00:22]} d5 {[%emt 0:00:31]} 3. c4 {[%emt 0:00:21]} e6 {[%emt 0:00:23]} 4. Nc3 {[%emt 0:00:20]} Bb4 {[%emt 0:00:47]} 5. Qa4+ {[%emt 0:00:22]} Nc6 {[%emt 0:00:22]} 6. e3 {[%emt 0:00:21]} O-O {[%emt 0:00:22]} 7. Bd2 {[%emt 0:00:22]} Re8 {[%emt 0:00:34]} 8. Qc2 {[%emt 0:00:34]} Bf8 {[%emt 0:00:32]} 9. a3 {[%emt 0:00:25]} h6 {[%emt 0:00:21]} 10. O-O-O {[%emt 0:00:27]} a5 {[%emt 0:00:21]} 11. g4 {[%emt 0:00:42]} Nb4 {[%emt 0:00:24]} 12. axb4 {[%emt 0:00:56]} axb4 {[%emt 0:00:23]} 13. Nb1 {[%emt 0:00:20]} Ra1 {[%emt 0:01:48]} 14. g5 {[%emt 0:00:23]} hxg5 {[%emt 0:05:23]} 15. Nxg5 {[%emt 0:00:23]} b3 {[%emt 0:00:23]} 16. Qxb3 {[%emt 0:00:33]} Bd7 {[%emt 0:00:23]} 17. Qxb7 {[%emt 0:00:45]} Ba4 {[%emt 0:00:49]} 18. Bd3 {[%emt 0:00:23]} Qd7 {[%emt 0:00:41]} 19. c5 {[%emt 0:00:49]} e5 {[%emt 0:01:15]} 20. dxe5 {[%emt 0:01:31]} Rxe5 {[%emt 0:00:22]} 21. Nf3 {[%emt 0:00:21]} Rf5 {[%emt 0:00:21]} 22. Nd4 {[%emt 0:00:41]} Rxf2 {[%emt 0:00:21]} 23. b3 {[%emt 0:00:46]} Ra2 {[%emt 0:02:08]} 24. bxa4 {[%emt 0:01:09]} Qe7 {[%emt 0:04:00]} 25. Qb3 {[%emt 0:01:15]} Qxc5+ {[%emt 0:01:01]} 26. Nc2 {[%emt 0:00:22]} Ra1 {[%emt 0:00:56]} 27. Kb2 {[%emt 0:00:25]} 1-0

[Event "MPL-1 Indian Chess Tour 2022"]
[Site "Online"]
[Date "2022.03.27"]
[Round "4.4"]
[White "Puranik, Abhimanyu"]
[Black "Aryan Chopra"]
[Result "1-0"]
[WhiteElo "2618"]
[BlackElo "2585"]
[Annotator "ChessBase"]
[PlyCount "85"]
[EventDate "2022.03.30"]
[EventType "tourn"]
[EventCountry "NET"]
[SourceTitle "playchess.com"]
[Source "ChessBase"]
[SourceQuality "1"]
[TimeControl "5400+30"]

1. d4 {[%emt 1:15:40]} Nf6 {[%emt 1:15:40]} 2. Nf3 {[%emt 0:00:22]} e6 {[%emt 0:00:24]} 3. g3 {[%emt 0:00:24]} c5 {[%emt 0:00:30]} 4. Bg2 {[%emt 0:00:37]} cxd4 {[%emt 0:00:22]} 5. Nxd4 {[%emt 0:00:21]} d5 {[%emt 0:00:21]} 6. O-O {[%emt 0:00:24]} e5 {[%emt 0:00:22]} 7. Nb3 {[%emt 0:00:23]} Be6 {[%emt 0:00:33]} 8. c4 {[%emt 0:00:32]} Nc6 {[%emt 0:00:23]} 9. cxd5 {[%emt 0:00:55]} Bxd5 {[%emt 0:00:23]} 10. Bg5 {[%emt 0:00:25]} Bxg2 {[%emt 0:00:42]} 11. Kxg2 {[%emt 0:00:26]} Qxd1 {[%emt 0:02:44]} 12. Rxd1 {[%emt 0:00:22]} Ne4 {[%emt 0:00:20]} 13. Be3 {[%emt 0:00:43]} Rd8 {[%emt 0:01:18]} 14. Rc1 {[%emt 0:01:20]} Be7 {[%emt 0:01:40]} 15. Nc3 {[%emt 0:00:27]} Nxc3 {[%emt 0:00:25]} 16. Rxc3 {[%emt 0:00:23]} O-O {[%emt 0:04:52]} 17. Rac1 {[%emt 0:00:23]} f5 {[%emt 0:00:32]} 18. a3 {[%emt 0:02:22]} Kf7 {[%emt 0:00:32]} 19. Bc5 {[%emt 0:01:10]} Rfe8 {[%emt 0:00:33]} 20. e4 {[%emt 0:02:44]} fxe4 {[%emt 0:01:36]} 21. Bxe7 {[%emt 0:00:28]} Rxe7 {[%emt 0:00:20]} 22. Nc5 {[%emt 0:00:22]} Rd2 {[%emt 0:01:01]} 23. b4 {[%emt 0:00:27]} Nd4 {[%emt 0:02:04]} 24. Nxe4 {[%emt 0:01:01]} Ra2 {[%emt 0:00:23]} 25. Rc7 {[%emt 0:01:11]} Ne6 {[%emt 0:00:23]} 26. Nd6+ {[%emt 0:01:37]} Kf6 {[%emt 0:00:21]} 27. Rxb7 {[%emt 0:02:38]} Rxb7 {[%emt 0:00:27]} 28. Nxb7 {[%emt 0:00:21]} Rxa3 {[%emt 0:00:21]} 29. Rc6 {[%emt 0:00:21]} Ke7 {[%emt 0:00:59]} 30. Na5 {[%emt 0:00:23]} Ra4 {[%emt 0:00:33]} 31. Ra6 {[%emt 0:01:28]} Kf6 {[%emt 0:00:22]} 32. b5 {[%emt 0:00:53]} Rb4 {[%emt 0:00:31]} 33. Rxa7 {[%emt 0:00:39]} Rxb5 {[%emt 0:00:22]} 34. Nc4 {[%emt 0:00:21]} h5 {[%emt 0:01:06]} 35. h4 {[%emt 0:00:53]} Rb4 {[%emt 0:01:18]} 36. Nd6 {[%emt 0:00:44]} Rb8 {[%emt 0:00:22]} 37. Ne4+ {[%emt 0:00:48]} Kf5 {[%emt 0:00:22]} 38. f3 {[%emt 0:00:21]} Rb2+ {[%emt 0:01:00]} 39. Kh3 {[%emt 0:00:22]} Rb6 {[%emt 0:00:54]} 40. Rd7 {[%emt 0:00:46]} Nd4 {[%emt 0:01:11]} 41. Ng5 {[%emt 0:00:32]} Kf6 {[%emt 0:00:23]} 42. f4 {[%emt 0:01:24]} Ne6 {[%emt 0:01:02]} 43. Rf7+ {[%emt 0:00:24]} 1-0

[Event "MPL-1 Indian Chess Tour 2022"]
[Site "Online"]
[Date "2022.03.27"]
[Round "4.5"]
[White "Sankalp Gupta"]
[Black "Karthikeyan, Murali"]
[Result "1/2-1/2"]
[WhiteElo "2536"]
[BlackElo "2622"]
[Annotator "ChessBase"]
[PlyCount "107"]
[EventDate "2022.03.30"]
[EventType "tourn"]
[EventCountry "NET"]
[SourceTitle "playchess.com"]
[Source "ChessBase"]
[SourceQuality "1"]
[TimeControl "5400+30"]

1. d4 {[%emt 1:15:40]} Nf6 {[%emt 1:15:40]} 2. c4 {[%emt 0:00:23]} e6 {[%emt 0:00:28]} 3. Nf3 {[%emt 0:00:21]} d5 {[%emt 0:00:21]} 4. Nc3 {[%emt 0:00:22]} Ne4 {[%emt 0:00:22]} 5. e3 {[%emt 0:00:22]} Bb4 {[%emt 0:00:33]} 6. Qc2 {[%emt 0:00:21]} c6 {[%emt 0:01:07]} 7. a3 {[%emt 0:00:24]} Bxc3+ {[%emt 0:00:41]} 8. bxc3 {[%emt 0:00:21]} b6 {[%emt 0:00:44]} 9. Bd3 {[%emt 0:00:28]} Ba6 {[%emt 0:00:21]} 10. O-O {[%emt 0:00:44]} Nd6 {[%emt 0:00:37]} 11. cxd5 {[%emt 0:03:17]} Bxd3 {[%emt 0:00:22]} 12. Qxd3 {[%emt 0:00:20]} cxd5 {[%emt 0:00:23]} 13. Nd2 {[%emt 0:01:16]} Nc6 {[%emt 0:01:37]} 14. c4 {[%emt 0:00:50]} dxc4 {[%emt 0:02:12]} 15. Nxc4 {[%emt 0:00:20]} Nxc4 {[%emt 0:00:31]} 16. Qxc4 {[%emt 0:00:20]} Na5 {[%emt 0:00:24]} 17. Qb4 {[%emt 0:00:44]} Qe7 {[%emt 0:00:29]} 18. Bd2 {[%emt 0:01:38]} Qxb4 {[%emt 0:00:51]} 19. Bxb4 {[%emt 0:00:20]} Nc4 {[%emt 0:01:25]} 20. Rfc1 {[%emt 0:01:16]} Rc8 {[%emt 0:00:22]} 21. f3 {[%emt 0:00:25]} Kd7 {[%emt 0:00:27]} 22. Kf2 {[%emt 0:00:26]} a5 {[%emt 0:00:49]} 23. Be1 {[%emt 0:00:26]} Nd6 {[%emt 0:00:48]} 24. Ke2 {[%emt 0:01:06]} Rc4 {[%emt 0:00:28]} 25. Kd3 {[%emt 0:00:46]} Rhc8 {[%emt 0:00:26]} 26. Rcb1 {[%emt 0:00:36]} R8c6 {[%emt 0:00:46]} 27. a4 {[%emt 0:00:35]} Kc7 {[%emt 0:01:14]} 28. e4 {[%emt 0:00:55]} f5 {[%emt 0:00:31]} 29. Rb3 {[%emt 0:03:39]} fxe4+ {[%emt 0:02:57]} 30. fxe4 {[%emt 0:00:20]} e5 {[%emt 0:00:27]} 31. Bc3 {[%emt 0:01:01]} Nxe4 {[%emt 0:01:06]} 32. Kxe4 {[%emt 0:00:20]} Rxc3 {[%emt 0:00:21]} 33. Rxc3 {[%emt 0:00:21]} Rxc3 {[%emt 0:00:20]} 34. Kxe5 {[%emt 0:00:23]} Rc2 {[%emt 0:01:47]} 35. g4 {[%emt 0:02:27]} Rxh2 {[%emt 0:00:28]} 36. Rf1 {[%emt 0:00:36]} Re2+ {[%emt 0:00:30]} 37. Kd5 {[%emt 0:00:21]} Re7 {[%emt 0:01:53]} 38. Rc1+ {[%emt 0:00:57]} Kb7 {[%emt 0:00:23]} 39. g5 {[%emt 0:00:54]} Rc7 {[%emt 0:01:23]} 40. Rh1 {[%emt 0:00:53]} Rd7+ {[%emt 0:01:26]} 41. Ke5 {[%emt 0:00:30]} h6 {[%emt 0:01:12]} 42. gxh6 {[%emt 0:01:06]} gxh6 {[%emt 0:00:20]} 43. Rxh6 {[%emt 0:00:20]} Re7+ {[%emt 0:00:29]} 44. Re6 {[%emt 0:02:06]} Rxe6+ {[%emt 0:01:27]} 45. Kxe6 {[%emt 0:00:20]} b5 {[%emt 0:00:21]} 46. axb5 {[%emt 0:00:32]} a4 {[%emt 0:00:20]} 47. d5 {[%emt 0:00:21]} a3 {[%emt 0:00:21]} 48. d6 {[%emt 0:00:20]} a2 {[%emt 0:00:23]} 49. d7 {[%emt 0:00:21]} a1=Q {[%emt 0:00:22]} 50. d8=Q {[%emt 0:00:21]} Qe1+ {[%emt 0:00:35]} 51. Kf7 {[%emt 0:00:25]} Qf1+ {[%emt 0:00:24]} 52. Ke8 {[%emt 0:00:24]} Qxb5+ {[%emt 0:00:34]} 53. Qd7+ {[%emt 0:00:22]} Qxd7+ {[%emt 0:00:22]} 54. Kxd7 {[%emt 0:00:20]} 1/2-1/2

[Event "MPL-1 Indian Chess Tour 2022"]
[Site "Online"]
[Date "2022.03.27"]
[Round "4.6"]
[White "Erigaisi Arjun"]
[Black "Narayanan.S.L"]
[Result "1/2-1/2"]
[WhiteElo "2633"]
[BlackElo "2658"]
[Annotator "TA"]
[PlyCount "110"]
[EventDate "2022.03.30"]
[EventType "tourn"]
[EventCountry "NET"]
[SourceTitle "playchess.com"]
[Source "ChessBase"]
[SourceQuality "1"]

{[%evp 13,110,4,8,5,32,17,9,4,12,0,24,-8,-8,-4,-18,-10,-7,-7,-16,-72,-66,-92,-52,-78,-83,-87,-75,-75,-73,-70,-73,-95,-47,-48,-31,-36,-16,-35,-37,-68,-50,-50,-41,-41,-41,-41,-53,-53,-7,-39,0,-53,-42,-69,-38,-41,-7,-46,-43,-47,-30,-47,-47,-58,-54,-52,-47,-134,-134,-134,-134,-134,-134,-134,-134,-134,-123,-123,-118,-118,-118,-118,-118,-118,-118,-118,-118,-118,-118,-118,-118,-118,-118,-118,-118,-118,-118,-118,-118]} 1. d4 d5 2. c4 e6 3. Nf3 Nf6 4. g3 Bb4+ 5. Bd2 Be7 6. Bg2 c6 7. O-O O-O {7...Nbd7 is more fashionable.} 8. Bc3 {E11: Bogo-Indian.} b5 $5 {[%mdl 4] Exploring less charted territory.} 9. b3 bxc4 10. bxc4 {[#] The position is equal.} Ba6 $146 ({Predecessor:} 10... Ne4 11. Qa4 Qb6 12. c5 Qa6 13. Qc2 Nd7 14. e3 Bf6 15. Nbd2 Nxd2 16. Bxd2 Rb8 {0-1 (31) Gozzoli,Y (2244)-Bouchet,N (2197) Pau 2000}) 11. Nbd2 Nbd7 12. Qa4 Qc8 13. Qc2 dxc4 14. Ne5 Nxe5 15. dxe5 Nd5 16. Ne4 (16. Ba5 $11 {keeps the balance.}) 16... Qc7 $17 17. Rfd1 Rfd8 (17... Rab8 {keeps more tension.} 18. Nd6 Rfd8 19. Bf1 Nxc3 20. Qxc3 Bxd6 21. exd6 Rxd6 22. e3 h6) 18. Rab1 Nxc3 (18... h6 {is more complex.} 19. Ba1 Nb4 20. Rxd8+ Rxd8 21. Qb2 Nd5) 19. Qxc3 Rxd1+ 20. Rxd1 Rd8 21. Rxd8+ Qxd8 22. Bf1 h5 (22... Qb6 $17 23. e3 Qb1) 23. Nd2 $15 c5 24. e4 h4 25. Nxc4 ({Of course not} 25. Bxc4 Bxc4 26. Nxc4 Qd1+ 27. Kg2 Qe2 $17) 25... Qd1 26. Qb3 {Inhibits Qb1.} Qe1 27. Qa4 Bxc4 28. Qxc4 a5 29. Kg2 Qa1 30. f4 Qe1 (30... g5 $15) 31. Qe2 Qa1 32. Qc4 g5 33. Qe2 hxg3 34. hxg3 a4 {[%cal Ba5a4,Ba4a3][%mdl 32]} 35. Kf3 a3 36. Kg4 Qd4 37. Kf3 Kg7 38. Kg2 Bd8 39. Qd3 Qb2+ 40. Qe2 {Black converts the advantage convincingly.} (40. Kh3 $15) 40... c4 $17 {[%cal Bc5c4,Bc4c3,Bc3b2][%mdl 32] [#] Threatens to win with ...g4.} 41. Kf3 Bb6 42. Kg4 c3 43. Qxb2 cxb2 {[%mdl 4096] Endgame KB-KB} 44. Bd3 gxf4 45. gxf4 {Black is better.} Be3 46. Kf3 Bd2 47. f5 Kh6 48. Ke2 Bc3 49. fxe6 fxe6 50. Kd1 Bxe5 51. Kc2 Kg5 52. Bc4 Kf6 53. Kb1 Bd4 54. Bb3 e5 55. Bd5 Kg5 {Weighted Error Value: White=0.11 (very precise) /Black=0.08 (flawless)} 1/2-1/2